Представление документа в формате RUSMARC

ПолеНазваниеЗначение
  Тип записи a
  Библиографический уровень a
001 Контрольный номер RU/CBS_UL/BASE/3a3d3f23f66f4c7bbc388d342df4d860
005 Дата корректировки 20260314162236.6
100 Данные общей обработки __
a Данные общей обработки 20260314 ||| 0rusy0189 ca
101 Язык документа 0_
a Язык текста rus
102 Страна публикации __
a Страна публикации RU
200 Заглавие и сведения об ответственности 1_
a Заглавие Между скипом и свипом, или "Шахматы на льду"
e Сведения, относящиеся к заглавию [развитие кёрлинга в Ульяновской области]
f Первые сведения об ответственности А. Агапов
300 Общие примечания __
a Общие примечания 6+
461 Уровень набора _0
1 2000
a Чемпион
463 Уровень физической единицы _0
1 2000
a № 5
v С. 4-5 : фото
1 2101
d 2026
1 001RU/CBS_UL/BASE/506c1e5e0ad14286aa1fcdc999aa0a5a
606 Тематические рубрики 0_
a Основная рубрика Кёрлинг - Ульяновская область
y Географическая подрубрика Ульяновская область
610 Ключевые слова 0_
a Ключевые слова кёрлинг
610 Ключевые слова 0_
a Ключевые слова ульяновский кёрлинг
610 Ключевые слова 0_
a Ключевые слова кёрлинг ульяновский
610 Ключевые слова 0_
a Ключевые слова командные спортивные игры
610 Ключевые слова 0_
a Ключевые слова командные спортивные игры на льду
610 Ключевые слова 0_
a Ключевые слова спортивные игры на льду
610 Ключевые слова 0_
a Ключевые слова интеллектуальные виды спорта
686 Индексы других классификаций __
2 Код системы rubbk
a Классификационный индекс 75.719.9
700 Автор _1
a Фамилия Агапов
b Имя (инициалы) А.
801 Источник записи _0
a Страна RU
b Организация МБУК ЦБС г. Ульяновска
c Дата составления 20260314
g Правила каталогизации RCR
801 Источник записи _1
a Страна RU
b Организация МБУК ЦБС г. Ульяновска
c Дата составления 20260314
g Правила каталогизации RCR
901 Тип документа __
t Тип документа f
w Контрольный № источника RU/CBS_UL/BASE/506c1e5e0ad14286aa1fcdc999aa0a5a
909 Создатель записи __
a Создатель записи lib2